[Event "36th ECC Open 2021"]
[Site "Struga MKD"]
[Date "2021.09.22"]
[Round "5.2"]
[Board "1"]
[White "Mikhalevski, Victor"]
[Black "Korobov, Anton"]
[Result "0-1"]
[WhiteTitle "GM"]
[BlackTitle "GM"]
[WhiteElo "2573"]
[BlackElo "2685"]
[WhiteTeam "BEER SHEVA"]
[BlackTeam "Silla-Valencia Origin of Chess"]
[WhiteFideId "2801914"]
[BlackFideId "14105730"]
[EventDate "2021.09.18"]
[EventType "team"]

1. c4 Nf6 2. Nf3 g6 3. Nc3 d5 4. cxd5 Nxd5 5. h4 Nxc3 6. bxc3 Bg7 7. h5 c5 8. e4
Nc6 9. Bb5 O-O 10. Ba3 Qb6 11. Rb1 a6 12. Bc4 Qc7 13. Qe2 Qa5 14. hxg6 hxg6 15.
Nh4 e6 16. Qg4 Ne5 17. Nxg6 fxg6 18. Bxe6+ Bxe6 19. Qxe6+ Rf7 20. Rxb7 Qxa3 21.
O-O Qa4 22. Rxf7 Nxf7 23. Rb1 Re8 24. Qxg6 Qxe4 25. Qxe4 Rxe4 26. Rb8+ Bf8 0-1

[Event "36th ECC Open 2021"]
[Site "Struga MKD"]
[Date "2021.09.22"]
[Round "5.2"]
[Board "2"]
[White "Shirov, Alexei"]
[Black "Nabaty, Tamir"]
[Result "1/2-1/2"]
[WhiteTitle "GM"]
[BlackTitle "GM"]
[WhiteElo "2652"]
[BlackElo "2638"]
[WhiteTeam "Silla-Valencia Origin of Chess"]
[BlackTeam "BEER SHEVA"]
[WhiteFideId "2209390"]
[BlackFideId "2809052"]
[EventDate "2021.09.18"]
[EventType "team"]

1. e4 e5 2. Nf3 Nf6 3. Nxe5 d6 4. Nf3 Nxe4 5. Bd3 Nf6 6. O-O Be7 7. h3 d5 8. c3
c5 9. Bc2 d4 10. cxd4 cxd4 11. Ba4+ Nc6 12. Bxc6+ bxc6 13. Qa4 O-O 14. Qxd4 Nd5
15. Re1 Nb4 16. Qe4 Re8 17. d4 Ba6 18. Bd2 Nd3 19. Re3 c5 20. d5 Nxb2 21. Bc3
Nd1 22. Qg4 Bf8 23. Rxe8 Qxe8 24. Be5 Rd8 25. Nbd2 Be2 26. Qe4 Bxf3 27. gxf3 f5
28. Qxf5 Rxd5 29. Nc4 Nc3 30. Re1 Nb5 31. Re4 Qd7 32. Qxd7 Rxd7 33. Kf1 Rd1+ 34.
Ke2 Rc1 35. Kd3 Rd1+ 36. Ke2 Rc1 1/2-1/2

[Event "36th ECC Open 2021"]
[Site "Struga MKD"]
[Date "2021.09.22"]
[Round "5.2"]
[Board "3"]
[White "Roiz, Michael"]
[Black "Abasov, Nijat"]
[Result "1/2-1/2"]
[WhiteTitle "GM"]
[BlackTitle "GM"]
[WhiteElo "2580"]
[BlackElo "2652"]
[WhiteTeam "BEER SHEVA"]
[BlackTeam "Silla-Valencia Origin of Chess"]
[WhiteFideId "2804158"]
[BlackFideId "13402960"]
[EventDate "2021.09.18"]
[EventType "team"]

1. Nf3 Nf6 2. g3 d5 3. Bg2 e6 4. O-O Be7 5. d4 O-O 6. c4 dxc4 7. Qc2 b5 8. a4
Bb7 9. axb5 a6 10. Nc3 axb5 11. Rxa8 Bxa8 12. Nxb5 Bd5 13. Bf4 c5 14. dxc5 Na6
15. Nd6 Nxc5 16. Nxc4 Be4 17. Qd1 Nd5 18. Be5 Qa8 19. Bd6 Rd8 20. Bxe7 Nxe7 21.
Qc1 Nb3 22. Qe3 Qb7 23. Qb6 Qxb6 24. Nxb6 f6 25. Nc4 Nf5 26. Re1 h5 27. Nh4 Bxg2
28. Nxf5 Bb7 29. Nfe3 Ba6 30. f3 Rd4 31. Na3 Rd2 32. Nac4 Rd4 33. Na3 Rd2 34.
Nac4 Bxc4 35. Nxc4 Rc2 36. Na3 1/2-1/2

[Event "36th ECC Open 2021"]
[Site "Struga MKD"]
[Date "2021.09.22"]
[Round "5.2"]
[Board "4"]
[White "Santos Latasa, Jaime"]
[Black "Rodshtein, Maxim"]
[Result "1-0"]
[WhiteTitle "GM"]
[BlackTitle "GM"]
[WhiteElo "2627"]
[BlackElo "2599"]
[WhiteTeam "Silla-Valencia Origin of Chess"]
[BlackTeam "BEER SHEVA"]
[WhiteFideId "2293307"]
[BlackFideId "2806851"]
[EventDate "2021.09.18"]
[EventType "team"]

1. e4 c6 2. d4 d5 3. Nd2 dxe4 4. Nxe4 Bf5 5. Ng3 Bg6 6. h4 h6 7. Nf3 Nd7 8. Bd3
Bxd3 9. Qxd3 e6 10. Bf4 Qa5+ 11. Bd2 Bb4 12. Ne4 Ngf6 13. Nd6+ Ke7 14. Nxb7
Bxd2+ 15. Nxd2 Qb4 16. Qb3 Qxd4 17. O-O-O Rhb8 18. Qa3+ c5 19. Na5 Rb6 20. Ndc4
Qf4+ 21. Kb1 Kf8 22. Qa4 Qc7 23. Nxb6 axb6 24. Qc6 Qa7 25. Nc4 Qxa2+ 26. Kc1 b5
27. Na3 Rxa3 28. bxa3 Qxa3+ 29. Kd2 Qb4+ 30. Ke2 Qc4+ 31. Ke1 Qc3+ 32. Kf1 Qxc2
33. Rxd7 Qc4+ 34. Ke1 Qc3+ 35. Ke2 Qb2+ 36. Rd2 Qe5+ 37. Kd3 Qf5+ 38. Kc3 Ne4+
39. Kc2 Nxd2+ 40. Kxd2 Qxf2+ 41. Kd1 Qd4+ 42. Ke2 Qe5+ 43. Kf2 Qd4+ 44. Kg3 Qe5+
45. Kh3 g5 46. Qf3 Ke7 47. g3 b4 48. Rd1 f5 49. Qd3 Qc7 50. Qe3 Kf6 51. Rc1 Qe5
52. Qxc5 Qe2 53. hxg5+ hxg5 54. Rc2 Qf1+ 55. Kh2 Qd1 56. Rf2 b3 57. Qc3+ Kg6 58.
Rb2 1-0

[Event "36th ECC Open 2021"]
[Site "Struga MKD"]
[Date "2021.09.22"]
[Round "5.2"]
[Board "5"]
[White "Postny, Evgeny"]
[Black "Alonso Rosell, Alvar"]
[Result "0-1"]
[WhiteTitle "GM"]
[BlackTitle "GM"]
[WhiteElo "2564"]
[BlackElo "2566"]
[WhiteTeam "BEER SHEVA"]
[BlackTeam "Silla-Valencia Origin of Chess"]
[WhiteFideId "2804344"]
[BlackFideId "2270544"]
[EventDate "2021.09.18"]
[EventType "team"]

1. d4 Nf6 2. c4 e6 3. g3 d5 4. Bg2 Be7 5. Nf3 O-O 6. Nbd2 c5 7. dxc5 Bxc5 8. O-O
Nc6 9. a3 a5 10. cxd5 exd5 11. Nb3 Bb6 12. Nbd4 Re8 13. Bf4 Bg4 14. Nxc6 bxc6
15. Rc1 c5 16. Re1 h6 17. Qc2 Ne4 18. Rcd1 Bf5 19. Qc1 g5 20. Bd2 Qf6 21. Rf1
Rac8 22. Be1 d4 23. Qc4 Nd6 24. Qa6 Qd8 25. e3 d3 26. Rxd3 Ra8 27. Qxa8 Bxd3 28.
Qxd8 Bxd8 29. Bc3 Bxf1 30. Bxf1 Ne4 31. Bb5 Re6 32. Bc4 Rd6 33. Ne5 Nxc3 34.
bxc3 Bf6 35. Nxf7 Rd1+ 36. Kg2 Kg7 37. e4 Bxc3 38. e5 a4 39. e6 Bf6 40. Bb5 Re1
41. Nd6 Rxe6 42. Nc4 Re4 43. Nd6 Re1 44. Bxa4 Bb2 45. Nc4 Bxa3 46. Bc6 Bb4 47.
h3 Re2 48. Kf1 Ra2 49. Bd5 Bc3 50. Ne3 Rd2 51. Be4 Bd4 52. Nf5+ Kf6 53. Nxh6
Rxf2+ 54. Ke1 Rb2 0-1

[Event "36th ECC Open 2021"]
[Site "Struga MKD"]
[Date "2021.09.22"]
[Round "5.3"]
[Board "1"]
[White "Mamedyarov, Shakhriyar"]
[Black "Carlsen, Magnus"]
[Result "1/2-1/2"]
[WhiteTitle "GM"]
[BlackTitle "GM"]
[WhiteElo "2762"]
[BlackElo "2855"]
[WhiteTeam "Alkaloid"]
[BlackTeam "Offerspill Chess Club"]
[WhiteFideId "13401319"]
[BlackFideId "1503014"]
[EventDate "2021.09.18"]
[EventType "team"]

1. d4 g6 2. c4 Bg7 3. Nf3 Nf6 4. Nc3 d6 5. g3 O-O 6. Bg2 Nc6 7. O-O e5 8. h3 Re8
9. d5 Nb8 10. e4 a5 11. Be3 Na6 12. a3 Nc5 13. Nd2 a4 14. Bxc5 dxc5 15. Nxa4 Qe7
16. b3 Bd7 17. Nb2 Ra6 18. Nd3 Rea8 19. Qc1 Ne8 20. Qb2 b6 21. b4 Nd6 22. bxc5
bxc5 23. Nxc5 Nxc4 24. Qb4 Nxd2 25. Nxa6 Qxb4 26. axb4 Nxf1 27. Bxf1 Bf8 28. Rc1
Bd6 29. b5 Ra7 30. h4 Kg7 31. Bd3 f5 32. f3 fxe4 33. fxe4 g5 34. hxg5 Kg6 35.
Kf2 Kxg5 36. Be2 Be8 37. Ke3 Rb7 38. Nc5 Ra7 39. Na6 Rb7 40. Rc3 Ra7 41. Kf2 Rb7
42. Nc5 Ra7 43. Ne6+ Kf6 44. g4 Bg6 45. Rc6 Ke7 46. Ra6 Rb7 47. Ke3 Be8 48. Ra8
h6 49. Kf3 Bxb5 50. Bxb5 Rxb5 51. Rh8 Rb3+ 52. Kf2 Rb4 53. Rxh6 Rxe4 54. g5 Rg4
55. Kf3 Rg1 56. Rh7+ Ke8 57. Ke4 Re1+ 58. Kf5 Rf1+ 59. Kg6 e4 60. Nxc7+ Bxc7 61.
Rxc7 e3 62. Rc4 Kd7 63. Re4 Re1 64. Re6 e2 65. Kg7 Rg1 66. Rxe2 Rxg5+ 67. Kf6
Rxd5 68. Re5 Rxe5 69. Kxe5 1/2-1/2

[Event "36th ECC Open 2021"]
[Site "Struga MKD"]
[Date "2021.09.22"]
[Round "5.3"]
[Board "3"]
[White "Kryvoruchko, Yuriy"]
[Black "Christiansen, Johan-Sebastian"]
[Result "1-0"]
[WhiteTitle "GM"]
[BlackTitle "GM"]
[WhiteElo "2689"]
[BlackElo "2609"]
[WhiteTeam "Alkaloid"]
[BlackTeam "Offerspill Chess Club"]
[WhiteFideId "14109182"]
[BlackFideId "1512668"]
[EventDate "2021.09.18"]
[EventType "team"]

1. e4 e6 2. d4 d5 3. e5 c5 4. c3 Qb6 5. Nf3 Nc6 6. Bd3 cxd4 7. O-O Bd7 8. Re1
Rc8 9. Nbd2 Nge7 10. Nb3 dxc3 11. bxc3 Na5 12. Be3 Qc7 13. Nxa5 Qxa5 14. Rb1 b6
15. Qe2 Nf5 16. Bxf5 exf5 17. e6 Bxe6 18. Nd4 Be7 19. Bg5 Qc5 20. Nxe6 fxe6 21.
Qxe6 Rc7 22. Rbd1 Rd7 23. Re5 h6 24. Qg6+ Kf8 25. Qxf5+ Ke8 26. Bxe7 Rxe7 27.
Rde1 1-0

[Event "36th ECC Open 2021"]
[Site "Struga MKD"]
[Date "2021.09.22"]
[Round "5.3"]
[Board "4"]
[White "Urkedal, Frode Olav Olsen"]
[Black "Inarkiev, Ernesto"]
[Result "0-1"]
[WhiteTitle "GM"]
[BlackTitle "GM"]
[WhiteElo "2568"]
[BlackElo "2663"]
[WhiteTeam "Offerspill Chess Club"]
[BlackTeam "Alkaloid"]
[WhiteFideId "1506102"]
[BlackFideId "4162722"]
[EventDate "2021.09.18"]
[EventType "team"]

1. d4 Nf6 2. c4 e6 3. Nf3 d5 4. Nc3 dxc4 5. e4 Bb4 6. Bxc4 Nxe4 7. O-O Nxc3 8.
bxc3 Be7 9. Qe2 O-O 10. Rd1 Nd7 11. Rd3 b6 12. Ne5 Bb7 13. Rg3 Nxe5 14. dxe5 Kh8
15. Bf4 c5 16. Re1 g6 17. h4 Bxh4 18. Rh3 Bg5 19. Qe3 Bxf4 20. Qxf4 f6 21. Qh6
Qe7 22. Qxg6 Rg8 23. exf6 Rxg6 24. fxe7 Rxg2+ 25. Kf1 Rg4 26. Rd3 Bg2+ 27. Ke2
Re8 28. Rg1 Rxe7 29. Kd2 h5 30. Rd8+ Kg7 31. Be2 Bf3 32. Rxg4+ Bxg4 33. Bxg4
hxg4 34. Ke3 Rf7 35. Ke2 Kf6 36. Rg8 Rg7 37. Rd8 g3 38. Kf1 gxf2 39. a4 Rg1+ 0-1

[Event "36th ECC Open 2021"]
[Site "Struga MKD"]
[Date "2021.09.22"]
[Round "5.3"]
[Board "5"]
[White "Predke, Alexandr"]
[Black "Ranaldi, Lucas"]
[Result "1-0"]
[WhiteTitle "GM"]
[BlackTitle "FM"]
[WhiteElo "2662"]
[BlackElo "2325"]
[WhiteTeam "Alkaloid"]
[BlackTeam "Offerspill Chess Club"]
[WhiteFideId "24107581"]
[BlackFideId "1519484"]
[EventDate "2021.09.18"]
[EventType "team"]

1. d4 Nf6 2. c4 e6 3. Nc3 Bb4 4. Qc2 O-O 5. Nf3 c5 6. dxc5 Na6 7. g3 Nxc5 8. Bg2
b6 9. O-O Bb7 10. Nb5 Be4 11. Qd1 Nb7 12. a3 Be7 13. Bf4 d6 14. Nc3 Bc6 15. b4
Rc8 16. Rc1 Qd7 17. Qb3 Rfd8 18. Rfd1 Qe8 19. Qb1 a6 20. e4 h6 21. h3 b5 22.
cxb5 axb5 23. Nd4 Bd7 24. Be3 e5 25. Nf5 Ra8 26. Nxe7+ Qxe7 27. Qd3 Qe8 28. Nd5
Nxd5 29. Qxd5 Rdb8 30. Bf1 Rxa3 31. Bb6 Be6 32. Qc6 Qxc6 33. Rxc6 Bc4 34. Bxc4
bxc4 35. Rxc4 Rb3 36. Rd5 Kf8 37. Bc7 Re8 38. Rb5 Nd8 39. Bxd6+ Kg8 40. Rc8 Rb1+
41. Kg2 Kh7 42. Rbb8 Nb7 43. Rxe8 Nxd6 44. Rh8+ Kg6 45. Rb6 1-0

[Event "36th ECC Open 2021"]
[Site "Struga MKD"]
[Date "2021.09.22"]
[Round "5.4"]
[Board "1"]
[White "Grischuk, Alexander"]
[Black "Donchenko, Alexander"]
[Result "1/2-1/2"]
[WhiteTitle "GM"]
[BlackTitle "GM"]
[WhiteElo "2775"]
[BlackElo "2641"]
[WhiteTeam "KPRF"]
[BlackTeam "Skakfelag Selfoss"]
[WhiteFideId "4126025"]
[BlackFideId "24603295"]
[EventDate "2021.09.18"]
[EventType "team"]

1. e4 c5 2. Nf3 d6 3. d4 cxd4 4. Nxd4 Nf6 5. Nc3 a6 6. h3 e5 7. Nde2 h5 8. Bg5
Be6 9. Ng1 Nbd7 10. Nf3 Rc8 11. Bd3 Be7 12. Be3 d5 13. exd5 Bxd5 14. Nxd5 Nxd5
15. Bd2 Nb4 16. Bxb4 Bxb4+ 17. c3 Be7 18. Bf5 Bf6 19. Qe2 Rc7 20. O-O-O O-O 21.
g4 Qe7 22. Kb1 Nc5 23. g5 Bxg5 24. Nxg5 Qxg5 25. Qxe5 Qe7 26. Rhe1 Qxe5 27. Rxe5
g6 28. Bc2 Kg7 29. f4 f6 30. Re3 f5 31. b4 Ne4 32. Kb2 Rf6 33. Rd4 Re6 34. a4 h4
35. a5 Kf6 36. c4 Nf2 37. Rf3 Re2 38. c5 Ne4 39. Rfd3 Nf2 40. Rd6+ Kf7 41. Rd7+
Kf8 42. Rd8+ Kg7 43. Rf3 Ne4 44. Rfd3 Nf2 45. Rf3 Ne4 46. Rfd3 1/2-1/2

[Event "36th ECC Open 2021"]
[Site "Struga MKD"]
[Date "2021.09.22"]
[Round "5.4"]
[Board "2"]
[White "Demchenko, Anton"]
[Black "Malakhov, Vladimir"]
[Result "1-0"]
[WhiteTitle "GM"]
[BlackTitle "GM"]
[WhiteElo "2610"]
[BlackElo "2666"]
[WhiteTeam "Skakfelag Selfoss"]
[BlackTeam "KPRF"]
[WhiteFideId "4160258"]
[BlackFideId "4120787"]
[EventDate "2021.09.18"]
[EventType "team"]

1. e4 e5 2. Nf3 Nc6 3. Bc4 Bc5 4. d3 h6 5. c3 Nf6 6. b4 Bb6 7. a4 a6 8. O-O O-O
9. Nbd2 d6 10. h3 a5 11. b5 Ne7 12. Re1 Ng6 13. d4 Re8 14. Bb2 c6 15. Bf1 Be6
16. c4 exd4 17. Nxd4 Qc7 18. Ra3 Rad8 19. Rae3 Bc8 20. N2b3 Nd7 21. Qc2 Nc5 22.
Nxc5 Bxc5 23. Rg3 cxb5 24. cxb5 Bb6 25. Qd2 d5 26. exd5 Rxe1 27. Qxe1 Rxd5 28.
Qe8+ Kh7 29. Bd3 Rd6 30. Qe5 Kh8 31. Bxg6 1-0

[Event "36th ECC Open 2021"]
[Site "Struga MKD"]
[Date "2021.09.22"]
[Round "5.4"]
[Board "3"]
[White "Zvjaginsev, Vadim"]
[Black "Antipov, Mikhail Al."]
[Result "1/2-1/2"]
[WhiteTitle "GM"]
[BlackTitle "GM"]
[WhiteElo "2603"]
[BlackElo "2607"]
[WhiteTeam "KPRF"]
[BlackTeam "Skakfelag Selfoss"]
[WhiteFideId "4113403"]
[BlackFideId "4107012"]
[EventDate "2021.09.18"]
[EventType "team"]

1. e4 e5 2. Nf3 Nc6 3. d3 Nf6 4. g3 d5 5. exd5 Nxd5 6. Bg2 Bd6 7. O-O O-O 8. a4
Bf5 9. Nc3 Ndb4 10. Bg5 Qd7 11. Ne4 h6 12. Bd2 Be7 13. Bxb4 Bxb4 14. c3 Be7 15.
b4 Rad8 16. Re1 Qxd3 17. Qxd3 Rxd3 18. b5 Na5 19. Nxe5 Rdd8 20. h4 Rfe8 21. Nf3
Nb3 22. Rab1 Be6 23. Re3 Kf8 24. Rbe1 Nc5 25. Nd4 Bc8 26. Nxc5 Bxc5 27. Rxe8+
Rxe8 28. Rd1 Bg4 29. Ra1 b6 30. Bc6 Rd8 31. a5 g6 32. Kg2 Kg7 33. Nb3 Bd6 34.
Nd4 bxa5 35. Rxa5 Bc5 36. Ra1 Bb6 37. Re1 Kf6 38. Re4 Bc8 39. g4 a6 40. bxa6
Bxa6 41. Rf4+ Kg7 42. Bf3 Bc5 43. h5 Bc8 44. hxg6 fxg6 45. Re4 Kf6 46. Rf4+ Kg5
47. Re4 Kf6 48. Rf4+ Kg5 1/2-1/2

[Event "36th ECC Open 2021"]
[Site "Struga MKD"]
[Date "2021.09.22"]
[Round "5.4"]
[Board "4"]
[White "Lomasov, Semyon"]
[Black "Rublevsky, Sergei"]
[Result "1-0"]
[WhiteTitle "IM"]
[BlackTitle "GM"]
[WhiteElo "2526"]
[BlackElo "2641"]
[WhiteTeam "Skakfelag Selfoss"]
[BlackTeam "KPRF"]
[WhiteFideId "24164879"]
[BlackFideId "4115309"]
[EventDate "2021.09.18"]
[EventType "team"]

1. e4 c5 2. Nf3 e6 3. d4 cxd4 4. Nxd4 a6 5. a3 b5 6. Nd2 Bb7 7. Bd3 Nc6 8. Nxc6
Bxc6 9. b4 Ne7 10. Bb2 Ng6 11. g3 Qc7 12. Qh5 a5 13. a4 Bxb4 14. axb5 Bb7 15.
Bxg7 Rg8 16. Bf6 Bc3 17. Bxc3 Qxc3 18. Ra4 d5 19. Ke2 Ne5 20. Rha1 dxe4 21. Nxe4
Bxe4 22. Bxe4 O-O-O 23. Qh6 Rg4 24. Qe3 Qxe3+ 25. fxe3 Kc7 26. b6+ Kxb6 27. Rb1+
Kc7 28. Rb7+ Kc8 29. Rb5 f6 30. Rbxa5 Kd7 31. Ra7+ Ke8 32. Rxh7 f5 33. Raa7 Kf8
34. Bf3 Rg6 35. Bh5 Rg5 36. Rh8+ Rg8 37. Rh6 Rg5 38. Rh8+ Rg8 39. Rhh7 Rg5 40.
Bf7 Nxf7 41. Rhxf7+ Kg8 42. Rfe7 Rg6 43. Ra6 Rc8 44. Kf3 Rg4 45. Rexe6 Rxc2 46.
Re8+ Kf7 47. Re5 Rg5 48. h4 Rh5 49. Rb5 Rc7 50. Rd6 Ke7 51. Rdd5 Ke6 52. Re5+
Kf6 53. Kf4 Rc4+ 54. e4 1-0

[Event "36th ECC Open 2021"]
[Site "Struga MKD"]
[Date "2021.09.22"]
[Round "5.4"]
[Board "5"]
[White "Alekseev, Evgeny"]
[Black "Arngrimsson, Dagur"]
[Result "1-0"]
[WhiteTitle "GM"]
[BlackTitle "IM"]
[WhiteElo "2610"]
[BlackElo "2383"]
[WhiteTeam "KPRF"]
[BlackTeam "Skakfelag Selfoss"]
[WhiteFideId "4138147"]
[BlackFideId "2301288"]
[EventDate "2021.09.18"]
[EventType "team"]

1. e4 e5 2. Nf3 Nc6 3. Bc4 Nf6 4. d3 h6 5. O-O d6 6. c3 g6 7. Bb3 Bg7 8. Re1 O-O
9. h3 Re8 10. Be3 d5 11. Nbd2 Be6 12. Ba4 Bd7 13. a3 a6 14. b4 d4 15. cxd4 exd4
16. Bf4 b5 17. Bb3 a5 18. e5 Nh7 19. Ne4 axb4 20. axb4 Rxa1 21. Qxa1 Be6 22.
Bxe6 Rxe6 23. Nc5 Re8 24. Qa6 Qd5 25. Qb7 Nf8 26. Rc1 Nxb4 27. Qxb5 Na2 28. Rc4
c6 29. Qb2 Ra8 30. Qxd4 Ne6 31. Nxe6 Qxe6 32. Qb6 Qf5 33. Qxc6 Rd8 34. Qa4 g5
35. Bg3 1-0

[Event "36th ECC Open 2021"]
[Site "Struga MKD"]
[Date "2021.09.22"]
[Round "5.4"]
[Board "6"]
[White "Lagerman, Robert"]
[Black "Sychev, Klementy"]
[Result "1/2-1/2"]
[WhiteTitle "FM"]
[BlackTitle "GM"]
[WhiteElo "2300"]
[BlackElo "2556"]
[WhiteTeam "Skakfelag Selfoss"]
[BlackTeam "KPRF"]
[WhiteFideId "2300362"]
[BlackFideId "4114060"]
[EventDate "2021.09.18"]
[EventType "team"]

1. e4 e5 2. Nf3 Nc6 3. d4 exd4 4. Bc4 Bb4+ 5. c3 dxc3 6. O-O Nf6 7. e5 d5 8. Bb5
Ne4 9. Qa4 O-O 10. Bxc6 Bc5 11. Bb5 c6 12. Bd3 Nxf2 13. Rxf2 Bxf2+ 14. Kxf2 Qb6+
15. Qd4 cxb2 16. Bxb2 c5 17. Qc3 c4+ 18. Qd4 cxd3 19. Qxb6 axb6 20. Bd4 Bf5 21.
Nc3 Rfc8 22. Ke3 Be4 23. Nxe4 dxe4 24. Kxe4 Rc2 25. Kxd3 Raxa2 26. Rb1 Rxg2 27.
Rxb6 Ra3+ 28. Bc3 Rf2 29. Nd4 Rxh2 30. Nb5 Rh3+ 31. Kc4 Ra4+ 32. Kb3 Re4 33.
Rxb7 h5 34. Nd6 Rxe5 35. Kb4 Rh4+ 36. Kb3 Rh3 37. Kb4 Rg5 38. Rb8+ Kh7 39. Nxf7
Rf5 40. Rh8+ Kg6 41. Ne5+ Kg5 42. Rg8 Rxc3 43. Kxc3 Rxe5 44. Rxg7+ Kf6 45. Kd4
Re8 46. Rg2 Kf5 47. Kd3 Kf4 48. Rf2+ Kg3 49. Rf7 h4 50. Rg7+ Kf2 51. Rf7+ Kg2
52. Rg7+ Kf3 53. Rf7+ Kg4 54. Rg7+ Kf4 55. Rf7+ Kg5 56. Rg7+ Kh6 57. Rg4 Kh5 58.
Rg7 h3 59. Rh7+ Kg4 60. Rg7+ Kf3 61. Rf7+ Kg2 62. Rg7+ Kf2 63. Rf7+ Ke1 64. Rh7
Ra8 65. Re7+ Kd1 66. Ke3 Rh8 67. Kf2 h2 68. Re1+ Kd2 69. Rh1 Rh7 70. Kg2 Ke2 71.
Rxh2 Rg7+ 72. Kh1+ Kf1 73. Rh8 1/2-1/2

[Event "36th ECC Open 2021"]
[Site "Struga MKD"]
[Date "2021.09.22"]
[Round "5.5"]
[Board "1"]
[White "Berkes, Ferenc"]
[Black "Nevednichy, Vladislav"]
[Result "1-0"]
[WhiteTitle "GM"]
[BlackTitle "GM"]
[WhiteElo "2671"]
[BlackElo "2498"]
[WhiteTeam "Team XtraCon"]
[BlackTeam "Gambit Asseko SEE"]
[WhiteFideId "718572"]
[BlackFideId "1205730"]
[EventDate "2021.09.18"]
[EventType "team"]

1. d4 Nf6 2. Nf3 g6 3. Bf4 Bg7 4. e3 O-O 5. h3 d6 6. c3 Nbd7 7. Bh2 e6 8. a4 Qe7
9. a5 a6 10. Be2 Ne4 11. O-O f5 12. Nbd2 Nxd2 13. Nxd2 e5 14. Re1 Kh8 15. Qb3 g5
16. Rad1 Rb8 17. Qb4 Ra8 18. Kh1 Rg8 19. f3 Rf8 20. Nc4 Re8 21. dxe5 Nxe5 22.
Nxe5 Bxe5 23. Bxe5+ Qxe5 24. f4 Qg7 25. fxg5 Qxg5 26. Bf3 Re5 27. Rd5 Rxd5 28.
Bxd5 Qe7 29. e4 c5 30. Qb3 Rb8 31. c4 Qe5 32. Rf1 Bd7 33. exf5 Bxf5 34. Qf3 Bg6
35. Qf6+ Qxf6 36. Rxf6 b5 37. Rxd6 bxc4 38. Rb6 Rd8 39. Bxc4 Bd3 40. Bxd3 Rxd3
41. Rxa6 Kg7 42. Rb6 Rd1+ 43. Kh2 Ra1 44. a6 c4 45. Kg3 Ra4 46. Kf3 h5 47. Ke3
h4 48. Kd4 1-0

[Event "36th ECC Open 2021"]
[Site "Struga MKD"]
[Date "2021.09.22"]
[Round "5.5"]
[Board "2"]
[White "Nikolovski, Nikola"]
[Black "Banusz, Tamas"]
[Result "0-1"]
[WhiteTitle "IM"]
[BlackTitle "GM"]
[WhiteElo "2409"]
[BlackElo "2641"]
[WhiteTeam "Gambit Asseko SEE"]
[BlackTeam "Team XtraCon"]
[WhiteFideId "15002314"]
[BlackFideId "722413"]
[EventDate "2021.09.18"]
[EventType "team"]

1. e4 e5 2. Nc3 Nf6 3. d4 exd4 4. Qxd4 Nc6 5. Qd3 d5 6. Bf4 d4 7. Nb5 Bb4+ 8. c3
dxc3 9. bxc3 Ba5 10. Qxd8+ Kxd8 11. O-O-O+ Bd7 12. f3 a6 13. Nd4 Ke7 14. Bc4
Bxc3 15. Nxc6+ Bxc6 16. Bxc7 Rhc8 17. Bd6+ Ke8 18. Bb3 Bb5 19. Kb1 a5 20. e5 a4
21. Bc2 Nd7 22. Nh3 Ra5 23. Nf4 Bc4 24. Nh5 Rb5+ 25. Kc1 Bxa2 26. Nxg7+ Kd8 27.
Nf5 Bb2+ 28. Kd2 Rd5+ 29. Bd3 Rc3 30. Ke2 Rdxd3 31. Rxd3 Bc4 32. Rd1 a3 33. Ne3
Bxd3+ 34. Rxd3 a2 35. Rxc3 a1=Q 0-1

[Event "36th ECC Open 2021"]
[Site "Struga MKD"]
[Date "2021.09.22"]
[Round "5.5"]
[Board "3"]
[White "Papp, Gabor1"]
[Black "Risteski, Emil"]
[Result "1/2-1/2"]
[WhiteTitle "GM"]
[BlackTitle "FM"]
[WhiteElo "2599"]
[BlackElo "2320"]
[WhiteTeam "Team XtraCon"]
[BlackTeam "Gambit Asseko SEE"]
[WhiteFideId "718602"]
[BlackFideId "15005267"]
[EventDate "2021.09.18"]
[EventType "team"]

1. e4 c5 2. Nf3 Nc6 3. Bb5 g6 4. Bxc6 bxc6 5. d4 cxd4 6. Qxd4 f6 7. O-O d6 8. c4
c5 9. Qd3 Nh6 10. Nc3 Nf7 11. Nh4 Ne5 12. Qd5 Bd7 13. b3 Bg7 14. f4 Nc6 15. Qd3
f5 16. exf5 gxf5 17. Bb2 O-O 18. Rae1 Nd4 19. Qg3 Kh8 20. Qh3 Kg8 21. Ne2 e5 22.
Bxd4 exd4 23. Ng3 Qf6 24. Nh5 Qf7 25. Nxg7 Kxg7 26. Rf3 Rg8 27. Rg3+ Kh8 28. Nf3
Rae8 29. Rxg8+ Qxg8 30. Qh6 Rxe1+ 31. Nxe1 Qe8 32. Qf6+ Kg8 33. Qg5+ Qg6 34. h4
Qxg5 35. fxg5 Bc6 36. Kf2 Be4 37. Kg3 Bb1 38. Nf3 Bxa2 39. Nd2 a5 40. Kf4 a4 41.
bxa4 d5 42. cxd5 Bxd5 43. Nf3 h6 44. gxh6 Kh7 45. a5 Bb7 46. g3 Kxh6 47. Ne5 Ba6
48. Kxf5 c4 49. Ke4 c3 50. Nd3 c2 51. Nc1 d3 52. Ke3 Kh5 53. Kd2 Bc4 54. Kc3 Kg4
55. Kd2 1/2-1/2

[Event "36th ECC Open 2021"]
[Site "Struga MKD"]
[Date "2021.09.22"]
[Round "5.5"]
[Board "6"]
[White "Andonovski, Ljubisa"]
[Black "Chatalbashev, Boris"]
[Result "0-1"]
[WhiteTitle "FM"]
[BlackTitle "GM"]
[WhiteElo "2252"]
[BlackElo "2530"]
[WhiteTeam "Gambit Asseko SEE"]
[BlackTeam "Team XtraCon"]
[WhiteFideId "15000427"]
[BlackFideId "2900440"]
[EventDate "2021.09.18"]
[EventType "team"]

1. d4 Nf6 2. Nf3 g6 3. c4 Bg7 4. Nc3 d5 5. cxd5 Nxd5 6. e4 Nxc3 7. bxc3 c5 8.
Be3 Bg4 9. Rb1 O-O 10. Rxb7 Nc6 11. Be2 Bxf3 12. Bxf3 cxd4 13. cxd4 Bxd4 14.
Bxd4 Nxd4 15. O-O e5 16. Be2 Qc8 17. Rb2 Qc6 18. Qb1 Rac8 19. Bb5 Qd6 20. Rc1
Rxc1+ 21. Qxc1 Qa3 22. Bf1 Kg7 23. Qd2 Rc8 24. h4 h5 25. Rb7 Rc1 26. Rb2 Ra1 27.
f4 Qc5 28. Qf2 exf4 29. Kh2 Qe5 30. Rd2 Ne6 31. Bc4 Nc5 32. Qd4 Qxd4 33. Rxd4
Re1 34. Rd5 Nxe4 35. Rd7 g5 36. hxg5 Nxg5 37. Rxa7 Rc1 38. Bb3 h4 39. Ra4 Rf1
40. Bc4 Rf2 41. Kg1 Rd2 42. Bf1 f3 43. Rf4 fxg2 44. Bxg2 h3 45. Bc6 Rxa2 46. Rf2
Ra6 47. Bd5 Rd6 48. Ba2 Kg6 49. Kh2 Kh5 50. Bc4 Rd4 51. Bxf7+ Kg4 52. Bb3 Nf3+
53. Kh1 Kg3 54. Rb2 Re4 0-1